000 00421nam a2200157 i 4500
001 49888
003 ES-MaACL
005 20230906162059.0
007 t|
008 030725s1971 sp ||||1| spa d
100 1 _aCravina, Santos.
_941455
245 1 0 _aIberia universal /
_cSantos Cravina.
260 _aMálaga :
_b[s.n.],
_c1971 (
_fImp. Montes)
300 _a120 p. ;
_c17 cm.
852 _aES-MaACL
_jC-41655
_bR.79893
999 _c49888
_d49888